000 00215 a2200109 4500
020 _a9788415893387
041 _aspa
100 _aCamila Lackberg
245 _aLa mirada de los Angeles
942 _cBK
952 _71
999 _c24519
_d24519